000 00609nam a2200229 i 4500
001 C2-0035092
003 PPAK
005 20190630222046.0
008 970220s1991 enka|||| ||||| | eng d
040 _aPPAK
_beng
_cPPAK
_erda
082 0 4 _a910.91
_223
090 0 0 _a910.91
_bHIS
_dR
245 0 0 _aHistory of world exploration
250 _aKeay, John
264 1 _aLondon :
_bHamlyn ,
_c1991
300 _a320 pages :
_billustrations ;
_c29 cm
336 _2rdacontent
_atext
337 _2rdamedia
_aunmediated
338 _2rdacarrier
_avolume
650 1 0 _aDiscoveries (in geography)
942 _ddc
_cB
999 _c6331
_d6331